Tous les buteurs en finale de coupe du monde et d'Euro - Statistiques

Statistiques générales
  • Ce quiz a été pris 140 fois
  • Le résultat moyen est 31 sur 108
Statistiques - réponses
Année Compétition Pays Joueur % Correct
2018 Coupe du Monde France Kylian Mbappe
98%
2022 Coupe du Monde France Kylian Mbappe
98%
2022 Coupe du Monde Argentine Lionel Messi
98%
1998 Coupe du Monde France Zinedine Zidane
91%
2006 Coupe du Monde France Zinedine Zidane
91%
2018 Coupe du Monde France Antoine Griezmann
90%
2010 Coupe du Monde Espagne Andres Iniesta
89%
2018 Coupe du Monde France Paul Pogba
86%
2002 Coupe du Monde Brésil Ronaldo
85%
2022 Coupe du Monde Argentine Angel Di Maria
83%
2018 Coupe du Monde Croatie Mario Mandzukic
83%
2018 Coupe du Monde France Mario Mandzukic (CSC)
83%
2016 Euro Portugal Eder
78%
2008 Euro Espagne Fernando Torres
77%
2012 Euro Espagne Fernando Torres
77%
2014 Coupe du Monde Allemagne Mario Götze
76%
2000 Euro France David Trezeguet
75%
2018 Coupe du Monde Croatie Ivan Perisic
75%
1998 Coupe du Monde France Emmanuel Petit
74%
1958 Coupe du Monde Brésil Pelé
73%
1970 Coupe du Monde Brésil Pelé
73%
2000 Euro France Sylvain Wiltord
63%
2006 Coupe du Monde Italie Marco Materazzi
62%
1984 Euro France Michel Platini
61%
1976 Euro Allemagne de l'Ouest Dieter Müller
59%
1972 Euro Allemagne de l'Ouest Gerd Müller
59%
1974 Coupe du Monde Allemagne de l'Ouest Gerd Müller
59%
2021 Euro Italie Leonardo Bonucci
48%
1988 Euro Pays-Bas Marco Van Basten
47%
2012 Euro Espagne David Silva
43%
2021 Euro Angleterre Luke Shaw
43%
1988 Euro Pays-Bas Ruud Gullit
41%
1982 Coupe du Monde Italie Paolo Rossi
37%
1954 Coupe du Monde Hongrie Ferenc Puskas
36%
2012 Euro Espagne Jordi Alba
36%
1978 Coupe du Monde Argentine Mario Kempes
29%
2012 Euro Espagne Juan Mata
27%
2000 Euro Italie Marco Delvecchio
27%
1986 Coupe du Monde Allemagne de l'Ouest Rudi Völler
27%
1986 Coupe du Monde Allemagne de l'Ouest Karl-Heinz Rummenigge
26%
2004 Euro Grèce Angelos Charisteas
25%
1970 Coupe du Monde Brésil Jairzinho
25%
1990 Coupe du Monde Allemagne de l'Ouest Andreas Brehme
24%
1984 Euro France Bruno Bellone
23%
1958 Coupe du Monde Brésil Vava
22%
1962 Coupe du Monde Brésil Vava
22%
1986 Coupe du Monde Argentine Jorge Burruchaga
20%
1968 Euro Italie Luigi Riva
20%
1966 Coupe du Monde Angleterre Geoffrey Hurst
18%
1954 Coupe du Monde Allemagne de l'Ouest Helmut Rahn
16%
1974 Coupe du Monde Pays-Bas Johan Neeskens
16%
1996 Euro Allemagne Oliver Bierhoff
16%
1974 Coupe du Monde Allemagne de l'Ouest Paul Breitner
15%
1982 Coupe du Monde Allemagne de l'Ouest Paul Breitner
15%
1970 Coupe du Monde Brésil Carlos Alberto
14%
1982 Coupe du Monde Italie Marco Tardelli
14%
1982 Coupe du Monde Italie Alessandro Altobelli
13%
1986 Coupe du Monde Argentine Jorge Valdano
13%
1970 Coupe du Monde Brésil Gerson
11%
1986 Coupe du Monde Argentine José Luis Brown
10%
1980 Euro Allemagne de l'Ouest Horst Hrubesch
9%
1964 Euro Espagne Marcelino Martinez
9%
1962 Coupe du Monde Tchecoslovaquie Josef Masopust
8%
1978 Coupe du Monde Argentine Daniel Bertoni
7%
1978 Coupe du Monde Pays-Bas Dick Nanninga
7%
1930 Coupe du Monde Argentine Guillermo Stabile
7%
1992 Euro Danemark Kim Vilfort
7%
1958 Coupe du Monde Brésil Mario Zagallo
7%
1966 Coupe du Monde Angleterre Martin Peters
7%
1996 Euro Tchéquie Patrik Berger
7%
1970 Coupe du Monde Italie Roberto Boninsegna
7%
1938 Coupe du Monde Italie Silvio Piola
6%
1992 Euro Danemark John Jensen
5%
1950 Coupe du Monde Uruguay Juan Alberto Schiaffino
4%
1954 Coupe du Monde Hongrie Zoltan Czibor
4%
1966 Coupe du Monde Allemagne de l'Ouest Wolfgang Weber
3%
1958 Coupe du Monde Suède Agne Simonsson
2%
1950 Coupe du Monde Uruguay Alcides Ghiggia
2%
1962 Coupe du Monde Brésil Amarildo
2%
1968 Euro Yougoslavie Dragan Dzajic
2%
1950 Coupe du Monde Brésil Friaça
2%
1938 Coupe du Monde Italie Gino Colaussi
2%
1966 Coupe du Monde Allemagne de l'Ouest Helmut Haller
2%
1972 Euro Allemagne de l'Ouest Herbert Wimmer
2%
1976 Euro Tchecoslovaquie Jan Svehlik
2%
1954 Coupe du Monde Allemagne de l'Ouest Max Morlock
2%
1958 Coupe du Monde Suède Nils Liedholm
2%
1930 Coupe du Monde Uruguay Pablo Dorado
2%
1930 Coupe du Monde Uruguay Pedro Cea
2%
1934 Coupe du Monde Italie Raimundo Orsi
2%
1980 Euro Belgique René Vandereycken
2%
1960 Euro URSS Viktor Ponedelnik
2%
1962 Coupe du Monde Brésil Zito
2%
1968 Euro Italie Angelo Domenghini
1%
1934 Coupe du Monde Italie Angelo Schiavio
1%
1934 Coupe du Monde Tchecoslovaquie Antonin Puc
1%
1976 Euro Allemagne de l'Ouest Bernd Hölzenbein
1%
1930 Coupe du Monde Argentine Carlos Peucelle
1%
1938 Coupe du Monde Hongrie Gyorgy Sarosi
1%
1930 Coupe du Monde Uruguay Hector Castro
1%
1976 Euro Tchecoslovaquie Karol Dobias
1%
1960 Euro Yougoslavie Milan Galic
1%
1938 Coupe du Monde Hongrie Pal Titkos
1%
1930 Coupe du Monde Uruguay Santos Iriarte
1%
1964 Euro URSS Galimzian Khusainov
0%
1964 Euro Espagne Jesus Maria Pereda
0%
1968 Euro Italie Pietro Anastasi
0%
1960 Euro URSS Slava Metreveli
0%
Aucun quiz correspondant
Distribution des résultats
% des personnes avec chaque résultat
Percentile par nombre de réponses
Votre historique - résultats
Vous n’avez pas pris ce quiz